| 000 | 00434nam a2200133Ia 4500 | ||
|---|---|---|---|
| 008 | 200918s9999 xx 000 0 und d | ||
| 020 | _a978-621-427-054-5 | ||
| 100 | _aAbante, Marmelo V. | ||
| 245 |
_cMarmelo V. Abante _aPhyton programming/ |
||
| 260 |
_aManila: _bUnlimited Books _c2019 |
||
| 300 |
_aiv, 244 pages _c25 cm. |
||
| 650 | _aObject-oriented programming (computer science) | ||
| 650 | _aPhython (computer program language) | ||
| 999 |
_c364290 _d364290 |
||